000
00512nam a2200169Ia 4500
008
090711s9999 xx 000 0 und d
082
_b
63877
100
_a
बोरकर कमलाकर
245
_a
इष्काSाी इंगळी
260
_c
1989
300
_a
102
600
_a
बोरकर कमलाकर
630
_a
इष्काSाी इंगळी
700
_a
बोरकर कमलाकर
730
_a
इष्काSाी इंगळी
942
_c
BOOK
999
_c
307945
_d
307945